[Event "Bunratty Masters op 16th"]
[Site "Bunratty"]
[Date "2009.02.22"]
[Round "5"]
[White "Benson, Oisin P"]
[Black "Tsaboshvili, Lasha"]
[Result "0-1"]
[WhiteElo "1957"]
[BlackElo "2014"]
[PlyCount "68"]
[EventDate "2009.02.20"]
[EventType "swiss"]
[EventRounds "6"]
[EventCountry "IRL"]
[SourceTitle "CBM 128 Extra"]
[Source "ChessBase"]
[SourceDate "2009.03.05"]
[SourceVersion "2"]
[SourceVersionDate "2009.03.25"]
[SourceQuality "1"]

1. d4 d5 2. c4 e6 3. Nc3 Nf6 4. cxd5 exd5 5. Bg5 Be7 6. e3 0-0 7. Bd3 c6 8. Qc2 h6 9. Bf4 Bd6 10. Bg3 Bg4 11. Bxd6 Qxd6 12. h3 Be6 13. 0-0-0 a5 14. g4 Na6 15. a3 b5 16. Na2 b4 17. Bxa6 Rxa6 18. Qe2 c5 19. a4 Bd7 20. dxc5 Qxc5+ 21. Kb1 Bxa4 22. Rc1 Qb5 23. Qe1 Bb3 24. Rc7 Bxa2+ 25. Kxa2 Qa4+ 26. Kb1 b3 27. f3 Qa2+ 28. Kc1 Qa1+ 29. Kd2 Qxb2+ 30. Kd3 Qe5 31. Rc3 a4 32. Ne2 b2 33. h4 a3 34. g5 a2 0-1

[Event "Bunratty Masters op 16th"]
[Site "Bunratty"]
[Date "2009.02.21"]
[Round "4"]
[White "Wall, Gavin"]
[Black "Tsaboshvili, Lasha"]
[Result "1-0"]
[WhiteElo "2302"]
[BlackElo "2014"]
[PlyCount "61"]
[EventDate "2009.02.20"]
[EventType "swiss"]
[EventRounds "6"]
[EventCountry "IRL"]
[SourceTitle "CBM 128 Extra"]
[Source "ChessBase"]
[SourceDate "2009.03.05"]
[SourceVersion "2"]
[SourceVersionDate "2009.03.25"]
[SourceQuality "1"]

1. e4 e5 2. Nf3 d6 3. d4 exd4 4. Nxd4 Nf6 5. Nc3 Be7 6. g3 0-0 7. Bg2 Nc6 8. 0-0 Bg4 9. f3 Nxd4 10. Qxd4 Bd7 11. Bf4 Bc6 12. Rad1 Nd7 13. Nd5 Bxd5 14. Qxd5 Rb8 15. Bh3 Nb6 16. Qa5 a6 17. e5 d5 18. b3 Bg5 19. Bxg5 Qxg5 20. f4 Qd8 21. c4 c6 22. f5 Qc7 23. f6 Na8 24. Qc3 Rbd8 25. Qe3 h6 26. fxg7 Kxg7 27. Rf6 Rh8 28. Rdf1 Rdf8 29. Qf4 dxc4 30. Be6 Qe7 31. Qg4+ 1-0